000 00625nam a22002052 4500
001 0000019326
005 20151217152153.0
008 101026s xx 000 0 eng d
020 _a0738011800 :
040 _aKABU
_cKABU
245 1 0 _aLaboratory (kinematics) experiments for physics 201 /
_cedited by Santos Ramirez.
250 _a10th ed.
260 _aPlymouth, MI. :
_bHayden-McNeil,
_c2005.
300 _axiv, 146 p.
650 0 _aKinematics (physics)
_@0000160702
700 1 _aRamirez, Santos.
_@0000160701
852 1 _9p500 KES
908 _a101026
950 _@1
999 _c8947
_d8947